| Tag |
First Indicator |
Second Indicator |
Subfields |
| LEADER |
00000cam a2200000 4500 |
| 001 |
in00000059405 |
| 005 |
20151007082422.0 |
| 008 |
721201s1958 eng u |
| 010 |
|
|
|a 58031961
|
| 035 |
|
|
|a (OCoLC)00505232
|
| 035 |
|
|
|9 AAF7842AM
|
| 040 |
|
|
|c MIA
|d TXA
|d UtOrBLW
|
| 049 |
|
|
|a TXAM
|c [305826]
|
| 050 |
|
0 |
|a BJ1611
|b .L58 1958
|
| 092 |
|
|
|a 174
|b L443u 1958
|
| 100 |
1 |
|
|a Lebhar, Godfrey Montague,
|d 1882-
|
| 245 |
1 |
4 |
|a The use of time.
|
| 250 |
|
|
|a [3d ed.].
|
| 264 |
|
1 |
|a New York :
|b Chain Store Pub. Corp.,
|c [1958]
|
| 300 |
|
|
|a 150 pages ;
|c 21 cm.
|
| 336 |
|
|
|a text
|b txt
|2 rdacontent
|
| 337 |
|
|
|a unmediated
|b n
|2 rdamedia
|
| 338 |
|
|
|a volume
|b nc
|2 rdacarrier
|
| 650 |
|
0 |
|a Success.
|
| 650 |
|
0 |
|a Time.
|
| 650 |
|
0 |
|a Calendars.
|
| 999 |
|
|
|a MARS
|
| 999 |
f |
f |
|s 0b4f0db5-9164-38bf-8cbf-ce3a048e7b01
|i e7748b4b-5aa4-3899-8ea7-7d1789353056
|t 0
|
| 952 |
f |
f |
|p normal
|a Texas A&M University
|b College Station
|c Sterling C. Evans Library
|d Evans: Library Stacks
|t 0
|e BJ1611 .L58 1958
|h Library of Congress classification
|i unmediated -- volume
|m A14800535816
|
| 998 |
f |
f |
|a BJ1611 .L58 1958
|t 0
|l Evans: Library Stacks
|